[Event "GER-ch (Women)"]
[Site "Ostfildern"]
[Date "2023.08.19"]
[Round "8"]
[White "Bursan, Ana Maria"]
[Black "Wulf, Doris"]
[Result "1-0"]
[WhiteElo "1476"]
[BlackElo "1522"]
[PlyCount "39"]
[EventDate "2023.08.14"]
[EventType "swiss"]
[EventRounds "9"]
[EventCountry "GER"]
[SourceTitle "CBM 215 Extra"]
[Source "ChessBase"]
[SourceDate "2023.09.30"]
[SourceVersion "1"]
[SourceVersionDate "2023.09.30"]
[SourceQuality "1"]

1. d4 Nf6 2. Nf3 d5 3. Bf4 c5 4. c3 Nc6 5. e3 e6 6. Bd3 c4 7. Bc2 a6 8. a4 Be7 9. Nbd2 0-0 10. Ne5 h6 11. Qf3 Qb6 12. Rb1 Na5 13. 0-0 Nb3 14. Nxb3 cxb3 15. Bd3 Bd6 16. g4 g5 17. Bxg5 Ne8 18. Bxh6 Ng7 19. Qf6 Qd8 20. Qxg7# 1-0

[Event "GER-ch (Women)"]
[Site "Ostfildern"]
[Date "2023.08.14"]
[Round "1"]
[White "Zimmer, Elke"]
[Black "Bursan, Ana Maria"]
[Result "1-0"]
[WhiteElo "1878"]
[BlackElo "1476"]
[PlyCount "131"]
[EventDate "2023.08.14"]
[EventType "swiss"]
[EventRounds "9"]
[EventCountry "GER"]
[SourceTitle "CBM 215 Extra"]
[Source "ChessBase"]
[SourceDate "2023.09.30"]
[SourceVersion "1"]
[SourceVersionDate "2023.09.30"]
[SourceQuality "1"]

1. e4 c5 2. Nc3 Nc6 3. g3 Nf6 4. Bg2 g6 5. d3 Bg7 6. Be3 d6 7. h3 e6 8. Qc1 0-0 9. Nf3 b6 10. 0-0 d5 11. Bg5 d4 12. Ne2 e5 13. g4 Bb7 14. b3 Qd7 15. Ng3 Ne8 16. Bh6 f6 17. a3 Nd6 18. Nh4 Rf7 19. Bxg7 Rxg7 20. Qd2 Qe7 21. Nf3 Rf8 22. Nh2 f5 23. f3 f4 24. Ne2 Bc8 25. c3 Nf7 26. cxd4 cxd4 27. b4 Qh4 28. Rfc1 Bd7 29. Qe1 Qh6 30. Rc2 Qg5 31. Rac1 Rc8 32. b5 Ne7 33. Rxc8+ Nxc8 34. Rc7 Nfd6 35. a4 Qd8 36. Qc1 h5 37. Qc2 Kh8 38. Nc1 Nb7 39. Rxb7 hxg4 40. fxg4 Qh4 41. Nf3 Qh6 42. Rxd7 Ne7 43. Qc7 Qh7 44. Qxe5 g5 45. Rxe7 Qh6 46. Qxg7+ Qxg7 47. Rxg7 Kxg7 48. Nxd4 Kf6 49. Nc6 Ke6 50. d4 Kd6 51. Kf2 Kd7 52. Kf3 Kd6 53. Nd3 Kc7 54. Nxf4 gxf4 55. Kxf4 a6 56. g5 axb5 57. axb5 Kd7 58. Kf5 Ke8 59. d5 Kf7 60. e5 Ke8 61. e6 Kf8 62. d6 Kg7 63. d7 Kh7 64. Kf6 Kg8 65. d8Q+ Kh7 66. Be4# 1-0

[Event "GER-ch Blitz (Women)"]
[Site "Viernheim"]
[Date "2023.07.15"]
[Round "24"]
[White "Buchholz, Maja Patricia"]
[Black "Bursan, Ana Maria"]
[Result "1-0"]
[WhiteElo "1858"]
[BlackElo "1476"]
[PlyCount "47"]
[EventDate "2023.07.15"]
[EventType "tourn (blitz)"]
[EventRounds "27"]
[EventCountry "GER"]
[SourceTitle "CBM 215 Extra"]
[Source "ChessBase"]
[SourceDate "2023.09.30"]
[SourceVersion "1"]
[SourceVersionDate "2023.09.30"]
[SourceQuality "1"]

1. c4 Nf6 2. g3 g6 3. Bg2 Bg7 4. Nc3 0-0 5. d4 c6 6. e4 e6 7. e5 Ne8 8. Nf3 d6 9. Bg5 Qa5 10. Be7 dxe5 11. Bxf8 Kxf8 12. 0-0 exd4 13. Nxd4 c5 14. Ndb5 a6 15. Nd6 Nxd6 16. Qxd6+ Kg8 17. Ne4 Nd7 18. Rad1 Be5 19. Qe7 Qa4 20. Ng5 Bg7 21. Qxf7+ Kh8 22. Nxe6 Bxb2 23. Qe8+ Nf8 24. Qxf8# 1-0

[Event "GER-ch Blitz (Women)"]
[Site "Viernheim"]
[Date "2023.07.15"]
[Round "4"]
[White "Bursan, Ana Maria"]
[Black "Margaryan, Susanna"]
[Result "0-1"]
[WhiteElo "1476"]
[BlackElo "1464"]
[PlyCount "94"]
[EventDate "2023.07.15"]
[EventType "tourn (blitz)"]
[EventRounds "27"]
[EventCountry "GER"]
[SourceTitle "CBM 215 Extra"]
[Source "ChessBase"]
[SourceDate "2023.09.30"]
[SourceVersion "1"]
[SourceVersionDate "2023.09.30"]
[SourceQuality "1"]

1. d4 f5 2. Bf4 Nf6 3. e3 e6 4. c4 d5 5. cxd5 exd5 6. Nc3 c6 7. Nf3 Bd6 8. Ne5 0-0 9. Bd3 Ne4 10. f3 g5 11. fxe4 fxe4 12. Bxe4 gxf4 13. Bxh7+ Kg7 14. Qh5 Bxe5 15. dxe5 Qe8 16. Qxe8 Rxe8 17. Bc2 Rxe5 18. 0-0-0 fxe3 19. h4 Bg4 20. Rde1 d4 21. Ne2 c5 22. b4 Bxe2 23. Rxe2 cxb4 24. h5 Rc5 25. h6+ Kh8 26. Kb2 Nc6 27. h7 Na5 28. Kc1 d3 29. Rxe3 Rxc2+ 30. Kd1 Rxa2 31. Rxd3 Ra1+ 32. Ke2 Rxh1 33. Rd7 Rxh7 34. Rd4 Re8+ 35. Kd2 Nb3+ 36. Kd3 Nxd4 37. Kxd4 Rd7+ 38. Kc4 Rc8+ 39. Kxb4 Rd6 40. g4 Rd4+ 41. Kb3 Rxg4 42. Kb2 Rf8 43. Kc2 Rf3 44. Kd2 Rg2+ 45. Ke1 Ra3 46. Kf1 Rb2 47. Ke1 Ra1# 0-1

[Event "GER-ch Blitz (Women)"]
[Site "Viernheim"]
[Date "2023.07.15"]
[Round "1"]
[White "Dolzhikova, Kateryna"]
[Black "Bursan, Ana Maria"]
[Result "1-0"]
[WhiteElo "2321"]
[BlackElo "1476"]
[PlyCount "83"]
[EventDate "2023.07.15"]
[EventType "tourn (blitz)"]
[EventRounds "27"]
[EventCountry "GER"]
[SourceTitle "CBM 215 Extra"]
[Source "ChessBase"]
[SourceDate "2023.09.30"]
[SourceVersion "1"]
[SourceVersionDate "2023.09.30"]
[SourceQuality "1"]

1. e4 c5 2. Nc3 Nc6 3. Bb5 Nf6 4. Bxc6 dxc6 5. f4 Bg4 6. Nf3 e6 7. 0-0 Be7 8. b3 0-0 9. Bb2 Qc7 10. h3 Bh5 11. e5 Nd5 12. Ne2 Rad8 13. Qc1 f6 14. a3 a6 15. c4 Nb6 16. d4 fxe5 17. dxe5 Nd7 18. Qe3 b5 19. Rac1 Nb6 20. Ng3 Bg6 21. Ne4 bxc4 22. bxc4 Bxe4 23. Qxe4 Na4 24. Ba1 Qa5 25. Qxc6 Qb6 26. Qxa4 Rd3 27. Rfd1 Re3 28. Rb1 Qc7 29. Rd7 Qc8 30. Rxe7 Rxf4 31. Re8+ Rf8 32. Rxc8 Rxc8 33. Qd7 Rf8 34. Qxe6+ Kh8 35. Ng5 h6 36. Nf7+ Kh7 37. Qe7 Rc8 38. e6 Rc6 39. Ng5+ Kg6 40. Qxg7+ Kh5 41. Nf3 Rcxe6 42. Qg4# 1-0

[Event "GER-ch Blitz (Women)"]
[Site "Viernheim"]
[Date "2023.07.15"]
[Round "26"]
[White "Groeschel, Karoline"]
[Black "Bursan, Ana Maria"]
[Result "1-0"]
[WhiteElo "1934"]
[BlackElo "1476"]
[PlyCount "97"]
[EventDate "2023.07.15"]
[EventType "tourn (blitz)"]
[EventRounds "27"]
[EventCountry "GER"]
[SourceTitle "CBM 215 Extra"]
[Source "ChessBase"]
[SourceDate "2023.09.30"]
[SourceVersion "1"]
[SourceVersionDate "2023.09.30"]
[SourceQuality "1"]

1. e4 c5 2. Nf3 Nc6 3. Bb5 e6 4. Bxc6 bxc6 5. d3 d5 6. b3 dxe4 7. dxe4 Qxd1+ 8. Kxd1 Nf6 9. Nbd2 g6 10. Bb2 Bg7 11. h3 Bb7 12. Ke2 0-0 13. Rad1 Rfd8 14. c4 a5 15. e5 Nd7 16. Ne4 Ba6 17. Rd6 a4 18. Rhd1 Ra7 19. Nxc5 Bc8 20. Rxc6 axb3 21. axb3 Ra2 22. Rd2 Bf8 23. Rxc8 Rxc8 24. Nxd7 Bh6 25. Rc2 Bc1 26. Rxc1 Rxb2+ 27. Nd2 Rd8 28. Nf6+ Kg7 29. Nfe4 Rb8 30. Ke3 f5 31. exf6+ Kf7 32. g4 g5 33. Rc3 Ra2 34. f4 gxf4+ 35. Kxf4 Rb6 36. Ke5 Ra5+ 37. Kd4 e5+ 38. Ke3 Ke6 39. g5 Ra8 40. c5 Rb4 41. c6 Rc8 42. c7 Kf5 43. Nd6+ Kxg5 44. Nxc8 Kxf6 45. Nd6 Rh4 46. c8Q h5 47. N6e4+ Kg6 48. Qg8+ Kh6 49. Rc6# 1-0

[Event "GER-ch Blitz (Women)"]
[Site "Viernheim"]
[Date "2023.07.15"]
[Round "7"]
[White "Ries, Jutta"]
[Black "Bursan, Ana Maria"]
[Result "1-0"]
[WhiteElo "2019"]
[BlackElo "1476"]
[PlyCount "137"]
[EventDate "2023.07.15"]
[EventType "tourn (blitz)"]
[EventRounds "27"]
[EventCountry "GER"]
[SourceTitle "CBM 215 Extra"]
[Source "ChessBase"]
[SourceDate "2023.09.30"]
[SourceVersion "1"]
[SourceVersionDate "2023.09.30"]
[SourceQuality "1"]

1. f4 d5 2. Nf3 c5 3. b3 Nc6 4. Bb2 Nf6 5. e3 Bg4 6. Bb5 a6 7. Bxc6+ bxc6 8. 0-0 e6 9. Qe1 Bd6 10. Ne5 Bf5 11. d3 Qc7 12. Nd2 Bxe5 13. Bxe5 Qd8 14. Rd1 0-0 15. Qg3 Nh5 16. Qf3 Bg6 17. g4 Nf6 18. Bxf6 Qxf6 19. f5 exf5 20. Kh1 fxg4 21. Qxf6 gxf6 22. Rxf6 Rac8 23. Rg1 Kg7 24. Rf4 f5 25. Nf1 Rce8 26. Kg2 h5 27. Kf2 Kf6 28. Ra4 Ra8 29. Ng3 Rfe8 30. Ne2 Re6 31. Nf4 Re5 32. Ra5 c4 33. bxc4 dxc4 34. Rxe5 Kxe5 35. Nxg6+ Kd5 36. Nf4+ Kc5 37. Nxh5 cxd3 38. cxd3 Rd8 39. Nf4 Rh8 40. Kg3 Kd6 41. Rc1 a5 42. Rc4 Re8 43. Ng2 Kd5 44. h3 c5 45. hxg4 fxg4 46. Kxg4 Rg8+ 47. Kf3 Rf8+ 48. Nf4+ Kd6 49. a4 Rf7 50. e4 Kc6 51. Ke3 Rd7 52. Ng6 Rd6 53. Ne5+ Kb6 54. Nf3 Kc6 55. Nd2 Re6 56. Nb3 Kb6 57. Nxc5 Rc6 58. Nd7+ Kb7 59. Rxc6 Kxc6 60. Ne5+ Kc5 61. Nc4 Kb4 62. Nxa5 Kxa5 63. e5 Kxa4 64. e6 Kb3 65. e7 Kc3 66. e8Q Kc2 67. Qa4+ Kc1 68. Qa2 Kd1 69. Qd2# 1-0

[Event "GER-ch Blitz (Women)"]
[Site "Viernheim"]
[Date "2023.07.15"]
[Round "5"]
[White "Wagner, Dinara"]
[Black "Bursan, Ana Maria"]
[Result "1-0"]
[WhiteElo "2447"]
[BlackElo "1476"]
[PlyCount "66"]
[EventDate "2023.07.15"]
[EventType "tourn (blitz)"]
[EventRounds "27"]
[EventCountry "GER"]
[SourceTitle "CBM 215 Extra"]
[Source "ChessBase"]
[SourceDate "2023.09.30"]
[SourceVersion "1"]
[SourceVersionDate "2023.09.30"]
[SourceQuality "1"]

1. e4 c5 2. Nf3 Nc6 3. Bb5 Nf6 4. Bxc6 dxc6 5. e5 Nd5 6. h3 Bf5 7. d3 e6 8. 0-0 Be7 9. Nbd2 0-0 10. a4 a6 11. a5 b5 12. axb6 Qxb6 13. Nc4 Qb7 14. Bg5 f6 15. exf6 Nxf6 16. Re1 Rad8 17. Nh4 Nd5 18. Bxe7 Qxe7 19. Nxf5 Rxf5 20. Rxa6 Qh4 21. f3 Nf4 22. Re4 Nxh3+ 23. Kh2 Nf4+ 24. Kg1 Qg3 25. Rxf4 Rxf4 26. Qe2 Rdf8 27. Qxe6+ Kh8 28. Nd2 Rh4 29. Rxc6 Qh2+ 30. Kf2 Qf4 31. Ne4 Qc1 32. Rc8 Qxc2+ 33. Kg3 Rhf4 1-0

[Event "GER-ch U16 Girls"]
[Site "Willingen"]
[Date "2023.06.03"]
[Round "9"]
[White "Bursan, Ana Maria"]
[Black "Rotaermel, Leonie"]
[Result "1/2-1/2"]
[WhiteElo "1412"]
[BlackElo "1606"]
[PlyCount "55"]
[EventDate "2023.05.27"]
[EventType "swiss"]
[EventRounds "9"]
[EventCountry "GER"]
[SourceTitle "CBM 214 Extra"]
[Source "ChessBase"]
[SourceDate "2023.07.31"]
[SourceVersion "1"]
[SourceVersionDate "2023.07.31"]
[SourceQuality "1"]

1. d4 d5 2. Bf4 Nf6 3. e3 Bf5 4. Be2 e6 5. Nf3 c5 6. c3 Nc6 7. h3 cxd4 8. exd4 Bd6 9. Bxd6 Qxd6 10. Qb3 0-0 11. 0-0 Rab8 12. Nbd2 Rfc8 13. Nh4 Be4 14. Nxe4 dxe4 15. g3 b5 16. a3 Nd5 17. f4 Ne3 18. Rf2 g5 19. Ng2 Nxg2 20. Kxg2 gxf4 21. Rxf4 f5 22. Rxf5 Kh8 23. Rxb5 Rg8 24. g4 Rbf8 25. Rf1 Rxf1 26. Bxf1 Rf8 27. Qc2 e3 28. Rh5 1/2-1/2

[Event "GER-ch U16 Girls"]
[Site "Willingen"]
[Date "2023.05.31"]
[Round "5"]
[White "Bursan, Ana Maria"]
[Black "Petrosyan, Ani"]
[Result "1-0"]
[WhiteElo "1412"]
[BlackElo "1370"]
[PlyCount "53"]
[EventDate "2023.05.27"]
[EventType "swiss"]
[EventRounds "9"]
[EventCountry "GER"]
[SourceTitle "CBM 214 Extra"]
[Source "ChessBase"]
[SourceDate "2023.07.31"]
[SourceVersion "1"]
[SourceVersionDate "2023.07.31"]
[SourceQuality "1"]

1. d4 d5 2. Nf3 c6 3. Bf4 Bg4 4. e3 Nf6 5. h3 Bxf3 6. Qxf3 Qb6 7. b3 e6 8. Bd3 Be7 9. 0-0 c5 10. c3 Nc6 11. Qg3 g6 12. Bc7 Ne4 13. Bxe4 Qa6 14. Bf3 g5 15. Bh5 Kd7 16. Nd2 Rac8 17. Be5 f6 18. Bxf6 Bxf6 19. dxc5 Ne7 20. Rad1 Nf5 21. Qf3 Ke7 22. e4 Ng7 23. exd5 Nxh5 24. Qxh5 exd5 25. Rfe1+ Kf8 26. Nf3 h6 27. Rxd5 1-0

[Event "GER-ch U14 Girls"]
[Site "Willingen"]
[Date "2022.06.05"]
[Round "2"]
[White "Bursan, Ana Maria"]
[Black "Reich, Elisabeth"]
[Result "0-1"]
[WhiteElo "1329"]
[BlackElo "1461"]
[PlyCount "90"]
[EventDate "2022.06.04"]
[EventType "swiss"]
[EventRounds "9"]
[EventCountry "GER"]
[SourceTitle "CBM 208 Extra"]
[Source "ChessBase"]
[SourceDate "2022.07.31"]
[SourceVersion "1"]
[SourceVersionDate "2022.07.31"]
[SourceQuality "1"]

1. e4 c5 2. Nf3 Nc6 3. Bc4 e6 4. c3 d5 5. exd5 exd5 6. Bb5 Bd7 7. 0-0 Nf6 8. d4 Be7 9. dxc5 Bxc5 10. Bxc6 bxc6 11. Re1+ Be7 12. Bg5 0-0 13. Ne5 Re8 14. Nd2 h6 15. Bh4 Rb8 16. b3 Qc8 17. Nxd7 Qxd7 18. Qf3 Ne4 19. Nxe4 Bxh4 20. Ng3 Bxg3 21. Qxg3 Rxe1+ 22. Rxe1 Re8 23. Rd1 Qe7 24. h3 Qe2 25. Rd3 Qxa2 26. Qc7 Qb1+ 27. Rd1 Qxd1+ 28. Kh2 Qxb3 29. Qxc6 Rf8 30. Qc7 Qb8 31. Qxb8 Rxb8 32. Kg3 a5 33. Kf4 a4 34. Ke5 a3 35. Kxd5 a2 36. c4 a1Q 37. c5 Qa5 38. Kd6 Rc8 39. c6 Qc7+ 40. Kd5 Qxc6+ 41. Kd4 Re8 42. Kd3 Qd7+ 43. Kc3 Rc8+ 44. Kb3 Qb7+ 45. Ka4 Ra8# 0-1